<The> Experience with Liberalization of Trade and Foreign Direct Investment in Services

Gespeichert in:
Bibliographische Detailangaben
1. Verfasser: Klodt, Henning
Format: Buch
Sprache:Englisch
Veröffentlicht: Kiel Institut für Weltwirtschaft 1988
Ausgabe:1. ed.
Schriftenreihe:Working Paper No.308
Tags: Tag hinzufügen
Keine Tags, Fügen Sie das erste Tag hinzu!

MARC

LEADER 00000nam a2200000 4500
001 c024467
005 20250512073944.8
041 0 |a eng 
044 |a DE 
245 1 0 |a <The> Experience with Liberalization of Trade and Foreign Direct Investment in Services  |c Henning Klodt 
250 |a 1. ed. 
264 1 |a Kiel  |b Institut für Weltwirtschaft  |c 1988 
300 |a 33 s. 
490 1 |a Working Paper  |v No.308 
830 0 |a Working Paper  |v No.308 
100 1 |a Klodt, Henning